000 00525nam a22001817a 4500
005 20251108175107.0
008 250721s2011 xx 000 0 ara d
082 1 4 _a700/بصر
100 1 _aيوسف، سعد علي
245 1 0 _aالفن في عصر النهضة /
264 1 _aعمان :
_bدار مجدلاوي للنشر والتوزيع،
_c2011.
300 _a209 ص.
650 1 7 _aالفنون
650 1 7 _aعصر النهضة
700 1 _aالبصري، ايلاف
942 _2ddc
_cBK
999 _c126017
_d126017